Detalles MARC
| 000 -LEADER |
| fixed length control field |
02654nam a2200457Ii 4500 |
| 001 - CONTROL NUMBER |
| control field |
DIGRBN0093 |
| 003 - CONTROL NUMBER IDENTIFIER |
| control field |
NyNyDIG |
| 008 - FIXED-LENGTH DATA ELEMENTS--GENERAL INFORMATION |
| fixed length control field |
150526t20142014sp ob 000 0 spa d |
| 006 - FIXED-LENGTH DATA ELEMENTS--ADDITIONAL MATERIAL CHARACTERISTICS |
| fixed length control field |
m o d |
| 007 - PHYSICAL DESCRIPTION FIXED FIELD--GENERAL INFORMATION |
| fixed length control field |
cr ||||||||||| |
| 040 ## - CATALOGING SOURCE |
| Original cataloging agency |
DGITA |
| Language of cataloging |
eng |
| Description conventions |
rda |
| -- |
pn |
| Transcribing agency |
DGITA |
| 020 ## - INTERNATIONAL STANDARD BOOK NUMBER |
| International Standard Book Number |
9788416170883 |
| Qualifying information |
(eBook ; |
| -- |
epdf) |
| 020 ## - INTERNATIONAL STANDARD BOOK NUMBER |
| Canceled/invalid ISBN |
8416170800 |
| 020 ## - INTERNATIONAL STANDARD BOOK NUMBER |
| Canceled/invalid ISBN |
9788416170807 |
| 050 14 - LIBRARY OF CONGRESS CALL NUMBER |
| Classification number |
HD6270 eBook |
| 100 1# - MAIN ENTRY--PERSONAL NAME |
| Personal name |
Ovejero Bernal, Anastasio, |
| Relator term |
author. |
| 245 14 - TITLE STATEMENT |
| Title |
Los perdedores del nuevo capitalismo : |
| Remainder of title |
devastación del mundo del trabajo / |
| Statement of responsibility, etc. |
Anastasio Ovejero. |
| 250 ## - EDITION STATEMENT |
| Edition statement |
Edición digital. |
| 264 #1 - PRODUCTION, PUBLICATION, DISTRIBUTION, MANUFACTURE, AND COPYRIGHT NOTICE |
| Place of production, publication, distribution, manufacture |
Madrid : |
| Name of producer, publisher, distributor, manufacturer |
Biblioteca Nueva, |
| Date of production, publication, distribution, manufacture, or copyright notice |
[2014] |
| 264 #4 - PRODUCTION, PUBLICATION, DISTRIBUTION, MANUFACTURE, AND COPYRIGHT NOTICE |
| Date of production, publication, distribution, manufacture, or copyright notice |
©2014 |
| 300 ## - PHYSICAL DESCRIPTION |
| Extent |
1 online resource (270 pages) |
| 336 ## - CONTENT TYPE |
| Content type term |
text |
| Content type code |
txt |
| Source |
rdacontent |
| 337 ## - MEDIA TYPE |
| Media type term |
computer |
| Media type code |
c |
| Source |
rdamedia |
| 338 ## - CARRIER TYPE |
| Carrier type term |
online resource |
| Carrier type code |
cr |
| Source |
rdacarrier |
| 490 1# - SERIES STATEMENT |
| Series statement |
Biblioteca Nueva universidad. Obras de referencia |
| 504 ## - BIBLIOGRAPHY, ETC. NOTE |
| Bibliography, etc. note |
Includes bibliographical references (pages [259]-270) |
| 505 0# - FORMATTED CONTENTS NOTE |
| Formatted contents note |
Presentación -- Introducción -- La cultura del nuevo capitalismo -- Qué es realmente la globalización: el neoliberalismo -- Principales instrumentos de poder del capitalismo neoliberal -- Las grandes instituciones transnacionales al servicio del nuevo capitalismo -- Hipocresías esenciales del neoliberalismo -- Principales efectos de la globalización: el aumento de las desigualdades -- Efectos laborales de la actual globalización -- Retroceso en la igualdad laboral de la mujer -- Globalización y precariedad laboral extrema: la nueva esclavitud -- Neoliberalismo y criminalización de la pobreza -- La ideología de la globalización -- La deuda público como excusa ideológica para la austeridad -- Resistencias al neoliberalismo: el movimiento por otra globalización -- A modo de resumen: conclusiones y reflexiones finales -- Referencias bibliográficas. |
| 588 0# - SOURCE OF DESCRIPTION NOTE |
| Source of description note |
Online resource; title from PDF title page (Digitalia, viewed May 26, 2015) |
| 650 #0 - SUBJECT ADDED ENTRY--TOPICAL TERM |
| Topical term or geographic name entry element |
Capitalism |
| General subdivision |
Social aspects. |
| 650 #0 - SUBJECT ADDED ENTRY--TOPICAL TERM |
| Topical term or geographic name entry element |
Economic liberalism |
| 650 #0 - SUBJECT ADDED ENTRY--TOPICAL TERM |
| Topical term or geographic name entry element |
Globalization |
| General subdivision |
Social aspects. |
| 650 #0 - SUBJECT ADDED ENTRY--TOPICAL TERM |
| Topical term or geographic name entry element |
Work |
| General subdivision |
Social aspects. |
| 655 #0 - INDEX TERM--GENRE/FORM |
| Genre/form data or focus term |
Electronic books. |
| 776 08 - ADDITIONAL PHYSICAL FORM ENTRY |
| Relationship information |
Print version: |
| Main entry heading |
Ovejero Bernal, Anastasio. |
| Title |
perdedores del nuevo capitalismo : devastación del mundo del trabajo. |
| Place, publisher, and date of publication |
Madrid : Biblioteca Nueva, [2014] |
| International Standard Book Number |
9788416170807. |
| 791 2# - |
| -- |
Digitalia (Firm), |
| -- |
distributor. |
| 793 0# - |
| -- |
Digitalia eBook Collection: |
| -- |
Biblioteca Nueva |
| 830 #0 - SERIES ADDED ENTRY--UNIFORM TITLE |
| Uniform title |
Biblioteca Nueva universidad. |
| Name of part/section of a work |
Obras de referencia. |
| 856 40 - ELECTRONIC LOCATION AND ACCESS |
| Materials specified |
Digitalia Hispánica |
| Uniform Resource Identifier |
<a href="https://www.digitaliapublishing.com/a/35481">https://www.digitaliapublishing.com/a/35481</a> |
| 910 ## - USER-OPTION DATA (OCLC) |
| User-option data |
Premium Collection: 2015 |
| 942 ## - ADDED ENTRY ELEMENTS (KOHA) |
| Koha item type |
Recurso Electrónico |